Statistiche per Paesi più vicini alla Guinea-Bissau - 15 secondi di sprint

Clicka qui per fare il quiz!

Statistiche generali

  • Questo quiz è stato fatto 4 volte
  • Il punteggio medio è 4 su 20

Statistiche sulle risposte

kmpaese% Corretto
0Guinea
100%
0Senegal
75%
61Gambia
50%
1586Benin
25%
637Costa d'Avorio
25%
1188Ghana
25%
519Liberia
25%
1511Niger
25%
249Sierra Leone
25%
1657Algeria
0%
900Burkina Faso
0%
758Cabo Verde
0%
208Mali
0%
1668Marocco
0%
280Mauritania
0%
1832Nigeria
0%
2225Portogallo
0%
921Sahara Occidentale
0%
1674Spagna
0%
1479Togo
0%

Distribuzione punteggi

Percentile per numero di risposta

Percentuale di utenti per punteggio

I tuoi punteggi nel tempo

Non hai fatto questo quiz